000 00946nac a22002777a 4500
001 BR9510191
003 BR-BrBNA
005 20240105121701.0
008 230509b bl.|||m| |||| 00| 0 por d
040 _aBR-BrBNA
_bpor
_cBiblioteca Nacional de Agricultura
072 _aE80; E70
090 _aE80 BR9510191
100 1 _aLima, A.A. de M.
100 1 _aAzevedo, I.M. de
110 1 _aBanco do Nordeste do Brasil S.A., Fortaleza, CE (Brasil). Escritorio Tecnico de Estudos Economicos do Nordeste
_91146
245 1 _aO artesanato nordestino: caracteristicas e problematica atual
260 3 _aFortaleza, CE (Brasil):
_c1982.
300 _a209 p.
490 _aEstudos Economicos e Sociais - Banco do Nordeste do Brasil S.A. (Brazil)
_vv. 14
_x
500 _a31 tables
650 _aArtesanato
650 _aComercializacao
650 _aRegiao Nordeste
909 _a202312
_bLúcia Elande
_c55
_dLúcia Elande
942 _2AGRIS
_n0
_cMS
999 _c286790
_d286790